Principles of physics (Record no. 608433)

000 -LEADER
fixed length control field 00282nam a22001217a 4500
040 ## - CATALOGING SOURCE
Transcribing agency SCME
100 ## - MAIN ENTRY--PERSONAL NAME
Personal name Walker,Jearl
9 (RLIN) 8685
245 ## - TITLE STATEMENT
Title Principles of physics
Remainder of title (Halliday & Resnicks)
250 ## - EDITION STATEMENT
Edition statement 11ed.
260 ## - PUBLICATION, DISTRIBUTION, ETC.
Place of publication, distribution, etc. Singapore
Name of publisher, distributor, etc. Wiley
Date of publication, distribution, etc. 2020
300 ## - PHYSICAL DESCRIPTION
Extent 1213p.
942 ## - ADDED ENTRY ELEMENTS (KOHA)
Source of classification or shelving scheme
Koha item type Book
Holdings
Withdrawn status Lost status Source of classification or shelving scheme Damaged status Not for loan Permanent Location Current Location Shelving location Date acquired Total Checkouts Full call number Barcode Date last seen Price effective from Koha item type
          School of Chemical & Materials Engineering (SCME) School of Chemical & Materials Engineering (SCME) Book Cart 02/28/2024   530 W151P SCME-4867 02/28/2024 02/28/2024 Book
© 2023 Central Library, National University of Sciences and Technology. All Rights Reserved.